Normal view
MARC view
- الخراج- الاقتصاد الاسلامي- النظام المالي في الاسلام
Entry Topical Term
001 - CONTROL NUMBER
- control field: 30577
003 - CONTROL NUMBER IDENTIFIER
- control field: JO-AjAnu
005 - DATE AND TIME OF LATEST TRANSACTION
- control field: 20230606075146.0
008 - FIXED-LENGTH DATA ELEMENTS
- fixed length control field: 230606|| aca||aabn | a|a d
040 ## - CATALOGING SOURCE
- Original cataloging agency: JO-AjAnu
- Transcribing agency: JO-AjAnu
150 ## - HEADING--TOPICAL TERM
- Topical term or geographic name entry element: الخراج- الاقتصاد الاسلامي- النظام المالي في الاسلام
670 ## - SOURCE DATA FOUND
- Source citation: Work cat.: (JO-AjAnu)15705: مرعي، محمد محمد, author 30576, النظم المالية والإقتصادية في الدولة الإسلامية على ضوء كتاب الخراج لأبي يوسف